MARC-detaljer
| 000 -LEADER |
| fixed length control field |
04806cam a2200961 ar4500 |
| 001 - CONTROL NUMBER |
| control field |
9876444 |
| 003 - CONTROL NUMBER IDENTIFIER |
| control field |
LIBRIS |
| 005 - DATE AND TIME OF LATEST TRANSACTION |
| control field |
20201029122419.0 |
| 008 - FIXED-LENGTH DATA ELEMENTS--GENERAL INFORMATION |
| fixed length control field |
050508s2005 sw |||||||||||000 f|swe| |
| 020 ## - INTERNATIONAL STANDARD BOOK NUMBER |
| International Standard Book Number |
9164201678 |
| Qualifying information |
inb. |
| 035 ## - SYSTEM CONTROL NUMBER |
| System control number |
(Bo)370911 |
| 040 ## - CATALOGING SOURCE |
| Original cataloging agency |
LGEN |
| Modifying agency |
NB |
| Description conventions |
a |
| 041 ## - LANGUAGE CODE |
| Language code of text/sound track or separate title |
swe |
| 082 04 - DEWEY DECIMAL CLASSIFICATION NUMBER |
| Classification number |
839.73 |
| Edition number |
22 (machine generated) |
| 084 ## - OTHER CLASSIFICATION NUMBER |
| Classification number |
Hc.01 |
| Number source |
kssb/7 |
| 100 1# - MAIN ENTRY--PERSONAL NAME |
| Personal name |
Lagercrantz, David, |
| Dates associated with a name |
1962- |
| Authority record control number or standard number |
https://libris.kb.se/rp36cf290n0pgjr#it |
| 245 10 - TITLE STATEMENT |
| Title |
Himmel över Everest / |
| Statement of responsibility, etc. |
David Lagercrantz. |
| 264 #1 - PRODUCTION, PUBLICATION, DISTRIBUTION, MANUFACTURE, AND COPYRIGHT NOTICE |
| Place of production, publication, distribution, manufacture |
Stockholm : |
| Name of producer, publisher, distributor, manufacturer |
Piratförlaget, |
| Date of production, publication, distribution, manufacture, or copyright notice |
2005 |
| 264 #3 - PRODUCTION, PUBLICATION, DISTRIBUTION, MANUFACTURE, AND COPYRIGHT NOTICE |
| Place of production, publication, distribution, manufacture |
Finland |
| 300 ## - PHYSICAL DESCRIPTION |
| Extent |
389, [1] |
| Dimensions |
22 cm |
| 340 ## - PHYSICAL MEDIUM |
| Dimensions |
22 cm |
| 500 ## - GENERAL NOTE |
| General note |
Originalupplaga 2005 |
| 500 ## - GENERAL NOTE |
| Institution to which field applies |
Bo |
| General note |
Annan upplaga kan finnas vid biblioteket |
| 500 ## - GENERAL NOTE |
| Institution to which field applies |
Li |
| General note |
Pliktex. |
| 530 ## - ADDITIONAL PHYSICAL FORM AVAILABLE NOTE |
| Additional physical form available note |
Även utgiven i elektronisk version |
| 776 08 - ADDITIONAL PHYSICAL FORM ENTRY |
| Title |
Himmel över Everest |
| Place, publisher, and date of publication |
2005 |
| International Standard Book Number |
91-642-4062-2 |
| Record control number |
9976962 |
| 887 ## - NON-MARC INFORMATION FIELD |
| Content of non-MARC field |
{"@id":"gzrqmkls4p7k0km","modified":"2005-10-25T14:34:25+02:00","checksum":"88056137102"} |
| Source of data |
librisxl |
| 887 ## - NON-MARC INFORMATION FIELD |
| Content of non-MARC field |
{"@id":"x28x1w633w2dfxl","modified":"2014-08-25T11:40:37+02:00","checksum":"42816496607"} |
| Source of data |
librisxl |
| 887 ## - NON-MARC INFORMATION FIELD |
| Content of non-MARC field |
{"@id":"chpbrxrj5t3mwjb","modified":"2014-04-01T11:18:25+02:00","checksum":"34133260949"} |
| Source of data |
librisxl |
| 887 ## - NON-MARC INFORMATION FIELD |
| Content of non-MARC field |
{"@id":"26d7pn372psqfg6","modified":"2006-04-24T11:22:25+02:00","checksum":"46725934003"} |
| Source of data |
librisxl |
| 887 ## - NON-MARC INFORMATION FIELD |
| Content of non-MARC field |
{"@id":"mrzx2mds5ld8pxp","modified":"2008-08-25T09:35:51+02:00","checksum":"40408995920"} |
| Source of data |
librisxl |
| 887 ## - NON-MARC INFORMATION FIELD |
| Content of non-MARC field |
{"@id":"fkrlp8ql43d0b66","modified":"2006-01-03T07:49:14+01:00","checksum":"34558342865"} |
| Source of data |
librisxl |
| 887 ## - NON-MARC INFORMATION FIELD |
| Content of non-MARC field |
{"@id":"8dlfwj8f2fmvp1v","modified":"2006-04-19T11:38:38+02:00","checksum":"67604385991"} |
| Source of data |
librisxl |
| 887 ## - NON-MARC INFORMATION FIELD |
| Content of non-MARC field |
{"@id":"6bjc357c36dt66q","modified":"2014-12-09T09:10:48+01:00","checksum":"17343516911"} |
| Source of data |
librisxl |
| 887 ## - NON-MARC INFORMATION FIELD |
| Content of non-MARC field |
{"@id":"8dlfxcwf0cbnlhd","modified":"2006-05-12T10:53:28+02:00","checksum":"49925563951"} |
| Source of data |
librisxl |
| 887 ## - NON-MARC INFORMATION FIELD |
| Content of non-MARC field |
{"@id":"fkqk96kl5f8ll8h","modified":"2005-09-08T15:31:41+02:00","checksum":"46481872725"} |
| Source of data |
librisxl |
| 887 ## - NON-MARC INFORMATION FIELD |
| Content of non-MARC field |
{"@id":"v06jvz914xv9tnc","modified":"2011-12-06T15:24:35+01:00","checksum":"35206556496"} |
| Source of data |
librisxl |
| 887 ## - NON-MARC INFORMATION FIELD |
| Content of non-MARC field |
{"@id":"9fmgxkmg1kxh8j6","modified":"2006-04-19T10:16:22+02:00","checksum":"65492968753"} |
| Source of data |
librisxl |
| 887 ## - NON-MARC INFORMATION FIELD |
| Content of non-MARC field |
{"@id":"ns12229t3330fgm","modified":"2016-06-16T08:42:05+02:00","checksum":"26613917894"} |
| Source of data |
librisxl |
| 900 0s - EQUIVALENCE OR CROSS-REFERENCE-PERSONAL NAME [LOCAL, CANADA] |
| Linkage |
100 |
| Dates associated with a name |
1962- |
| Affiliation |
Lagercrantz, David, |
| Dates associated with a name |
1962- |
| 900 0s - EQUIVALENCE OR CROSS-REFERENCE-PERSONAL NAME [LOCAL, CANADA] |
| Linkage |
100 |
| Dates associated with a name |
1962- |
| Affiliation |
Lagercrantz, David, |
| Dates associated with a name |
1962- |
| 900 1s - EQUIVALENCE OR CROSS-REFERENCE-PERSONAL NAME [LOCAL, CANADA] |
| Linkage |
100 |
| Dates associated with a name |
1962- |
| Affiliation |
Lagercrantz, David, |
| Dates associated with a name |
1962- |
| 900 1s - EQUIVALENCE OR CROSS-REFERENCE-PERSONAL NAME [LOCAL, CANADA] |
| Linkage |
100 |
| Dates associated with a name |
1962- |
| Affiliation |
Lagercrantz, David, |
| Dates associated with a name |
1962- |
| 900 1s - EQUIVALENCE OR CROSS-REFERENCE-PERSONAL NAME [LOCAL, CANADA] |
| Linkage |
100 |
| Dates associated with a name |
1962- |
| Affiliation |
Lagercrantz, David, |
| Dates associated with a name |
1962- |
| 900 1s - EQUIVALENCE OR CROSS-REFERENCE-PERSONAL NAME [LOCAL, CANADA] |
| Linkage |
100 |
| Dates associated with a name |
1962- |
| Affiliation |
Lagercrantz, David, |
| Dates associated with a name |
1962- |
| 900 1s - EQUIVALENCE OR CROSS-REFERENCE-PERSONAL NAME [LOCAL, CANADA] |
| Linkage |
100 |
| Dates associated with a name |
1962- |
| Affiliation |
Lagercrantz, David, |
| Dates associated with a name |
1962- |
| 900 1s - EQUIVALENCE OR CROSS-REFERENCE-PERSONAL NAME [LOCAL, CANADA] |
| Linkage |
100 |
| Dates associated with a name |
1962- |
| Affiliation |
Lagercrantz, David, |
| Dates associated with a name |
1962- |
| 900 1s - EQUIVALENCE OR CROSS-REFERENCE-PERSONAL NAME [LOCAL, CANADA] |
| Linkage |
100 |
| Dates associated with a name |
1962- |
| Affiliation |
Lagercrantz, David, |
| Dates associated with a name |
1962- |
| 900 1s - EQUIVALENCE OR CROSS-REFERENCE-PERSONAL NAME [LOCAL, CANADA] |
| Linkage |
100 |
| Dates associated with a name |
1962- |
| Affiliation |
Lagercrantz, David, |
| Dates associated with a name |
1962- |
| 900 1s - EQUIVALENCE OR CROSS-REFERENCE-PERSONAL NAME [LOCAL, CANADA] |
| Linkage |
100 |
| Dates associated with a name |
1962- |
| Affiliation |
Lagercrantz, David, |
| Dates associated with a name |
1962- |
| 900 1s - EQUIVALENCE OR CROSS-REFERENCE-PERSONAL NAME [LOCAL, CANADA] |
| Linkage |
100 |
| Dates associated with a name |
1962- |
| Affiliation |
Lagercrantz, David, |
| Dates associated with a name |
1962- |
| 900 1s - EQUIVALENCE OR CROSS-REFERENCE-PERSONAL NAME [LOCAL, CANADA] |
| Linkage |
100 |
| Dates associated with a name |
1962- |
| Affiliation |
Lagercrantz, David, |
| Dates associated with a name |
1962- |
| 900 1s - EQUIVALENCE OR CROSS-REFERENCE-PERSONAL NAME [LOCAL, CANADA] |
| Linkage |
100 |
| Dates associated with a name |
1962- |
| Affiliation |
Lagercrantz, David, |
| Dates associated with a name |
1962- |
| 900 1s - EQUIVALENCE OR CROSS-REFERENCE-PERSONAL NAME [LOCAL, CANADA] |
| Linkage |
100 |
| Dates associated with a name |
1962- |
| Affiliation |
Lagercrantz, David, |
| Dates associated with a name |
1962- |
| 900 1s - EQUIVALENCE OR CROSS-REFERENCE-PERSONAL NAME [LOCAL, CANADA] |
| Linkage |
100 |
| Dates associated with a name |
1962- |
| Affiliation |
Lagercrantz, David, |
| Dates associated with a name |
1962- |
| 900 1s - EQUIVALENCE OR CROSS-REFERENCE-PERSONAL NAME [LOCAL, CANADA] |
| Linkage |
100 |
| Dates associated with a name |
1962- |
| Affiliation |
Lagercrantz, David, |
| Dates associated with a name |
1962- |
| 942 ## - ADDED ENTRY ELEMENTS (KOHA) |
| Source of classification or shelving scheme |
Other/Generic Classification Scheme |
| Koha item type |
Bok |
| 949 ## - LOCAL PROCESSING INFORMATION (OCLC) |
| 5 |
G |
| 6 |
1001454316 |
| a |
06/667 |
| s |
7500 |
| t |
YNNNN |